Urban women in contemporary India: a reader (Record no. 5722)

MARC details
000 -LEADER
fixed length control field 00476nam a2200169Ia 4500
020 ## - INTERNATIONAL STANDARD BOOK NUMBER
ISBN 978-0-7619-3520-9
082 ## - DEWEY DECIMAL CLASSIFICATION NUMBER
Classification number 305.420954 URB-
245 #0 - TITLE STATEMENT
Title Urban women in contemporary India: a reader
260 ## - PUBLICATION, DISTRIBUTION, ETC. (IMPRINT)
Place of publication Los Angeles
Name of publisher Sage Publications
Year of publication 2007
300 ## - PHYSICAL DESCRIPTION
Number of Pages 372
504 ## - BIBLIOGRAPHY, ETC. NOTE
Bibliography, etc includs bibliography and index
650 ## - SUBJECT ADDED ENTRY--TOPICAL TERM
Topical Term Urban women
Form subdivision Social conditions
Geographic subdivision India
650 ## - SUBJECT ADDED ENTRY--TOPICAL TERM
Topical Term Women's rights
Geographic subdivision India
650 ## - SUBJECT ADDED ENTRY--TOPICAL TERM
Topical Term Feminism
Geographic subdivision India
700 ## - ADDED ENTRY--PERSONAL NAME
Personal name Ghadially, Rehana
942 ## - ADDED ENTRY ELEMENTS (KOHA)
Koha item type Books
Holdings
Withdrawn status Lost status Damaged status Not for loan Home library Current library Date acquired Bill Date Full call number Accession Number Price effective from Koha item type
        NASSDOC Library NASSDOC Library 31/12/1899 2006-03-06 305.420954 URB- 43856 18/04/2019 Books